LEADER 01545cam0-22005051i-450- 001 990001175720403321 005 20160210092342.0 035 $a000117572 035 $aFED01000117572 035 $a(Aleph)000117572FED01 035 $a000117572 100 $a20001205d1960----km-y0itay50------ba 101 0 $aeng 102 $aUS 105 $ay-------001yy 200 1 $aFinite-difference methods for partial differential equations$f[by] George E. Forsythe [and] Wolfgang R. Wasow 210 $aNew York$cWiley$d1960 215 $aX, 444 p.$d24 cm 225 1 $aApplied mathematics series 610 0 $aEquazioni differenziali alle derivate parziali$aSoluzioni numeriche 610 0 $aCalcolo delle variazioni 610 0 $aDifferenze finite 610 0 $aIntegrali di Fourier 610 0 $aTrasformazioni di Fourier e Laplace 610 0 $aFunzioni di variabile complessa 676 $a515 676 $a517.4 676 $a517.9 700 1$aForsythe,$bGeorge Elmer$013654 701 1$aWasow,$bWolfgang Richard$f<1909- >$013900 801 0$aIT$bUNINA$gRICA$2UNIMARC 901 $aBK 912 $a990001175720403321 952 $a4-G-4$b3598$fMA1 952 $a04 013-156$bPIC/CNR 375$fDINCH 952 $a04 013-20$bCI 6050$fDINCH 952 $a10 P.T. 100$b514 C.C.E.$fDINEL 952 $a16-007$b1829$fFI1 959 $aMA1 959 $aDINCH 959 $aDINEL 959 $aFI1 962 $a65MXX 996 $aFinite-difference methods for partial differential equations$9342093 997 $aUNINA LEADER 01295nam--2200397---450- 001 990005852340203316 005 20130531132545.0 010 $a978-88-387-8032-5 035 $a000585234 035 $aUSA01000585234 035 $a(ALEPH)000585234USA01 035 $a000585234 100 $a20130531d2013----km-y0itay50------ba 101 $aita 102 $aIT 105 $a||||||||001yy 200 1 $aManuale delle ritenute negli Enti locali$eguida al ruolo di sostituto d'imposta$fEnzo Cuzzola$eredditi di lavoro dipendente e assimilato... 205 $a3. ed. agg. alla Legge di stabilità 2013 210 $aSantarcangelo di Romagna$cMaggioli$d2013 215 $a535 p.$d24 cm 225 2 $aProgetto ente locale$v191 410 0$12001$aProgetto ente locale$v, 191 454 1$12001 461 1$1001-------$12001 606 0 $aSostituto d'imposta$xGuide pratiche$2BNCF 676 $a343.4505242 700 1$aCUZZOLA,$bEnzo$0608889 801 0$aIT$bsalbc$gISBD 912 $a990005852340203316 951 $aXXIV.5.C. 1062$b77029 G.$cXXIV.5.C.$d00293078 959 $aBK 969 $aGIU 979 $aFIORELLA$b90$c20130531$lUSA01$h1256 979 $aFIORELLA$b90$c20130531$lUSA01$h1325 996 $aManuale delle ritenute negli Enti locali$91087138 997 $aUNISA